Revista pensamiento actual 8(10-11)

Se analizan acciones colectivas de organizaciones campesinas costarricenses en la década 1992-2001 destacando las principales reivindicaciones, formas organizativas y cambios en la dimensión ambiental y participación femenina. Mediante entrevistas y panel-foro con representantes de organizaciones y...

Celý popis

Uloženo v:
Podrobná bibliografie
Korporativní autor: Universidad de Costa Rica
Médium: Neznámo
Témata:
Tagy: Přidat tag
Žádné tagy, Buďte první, kdo vytvoří štítek k tomuto záznamu!

MARC

LEADER 00000 a2200000 04500
001 39057
003 cru CIDCACS/IIS
005 20231213132756.0
008 991231s d
040 |c cru CIDCACS/IIS  |a cru CIDCACS/IIS 
090 |a 05.01.01 R454r  
110 |a Universidad de Costa Rica  
245 |a Revista pensamiento actual 8(10-11)  
300 |a 77 páginas  
520 |a Se analizan acciones colectivas de organizaciones campesinas costarricenses en la década 1992-2001 destacando las principales reivindicaciones, formas organizativas y cambios en la dimensión ambiental y participación femenina. Mediante entrevistas y panel-foro con representantes de organizaciones y análisis documental y bibliográfico, se observaron cambios y continuidades en las organizaciones en respuesta a políticas neoliberales, así como formas de resistencia ante la globalización  
650 |a ORGANIZACIONES CAMPESINAS  
650 |a PEQUEÑAS EMPRESAS  
650 |a CAMBIO ECONOMICO  
650 |a MOVIMIENTOS CAMPESINOS  
650 |a PROTECCION AMBIENTAL  
650 |a PARTICIPACION DE LA MUJER  
650 |a GLOBALIZACION  
650 |a COSTA RICA  
942 |2 z  |c PP  |h 05.01.01 R454r   |i 17640  |6 050101_R454R_17640 
999 |c 4506  |d 4506